Norma Chilena Oficial NCh 11565-3 Of1999

Enregistré dans:
Détails bibliographiques
Collectivités auteurs: Instituto Nacional de Normalización (Auteur), INN (Auteur)
Format: Livre
Langue:espagnol
Publié: Santiago Instituto Nacional de Normalización 1999
Édition:1a. ed
Sujets:
Tags: Ajouter un tag
Pas de tags, Soyez le premier à ajouter un tag!

MARC

LEADER 00000nam a2200000 a 4500
001 UCK5799
003 CL-VaPUC
008 050826e19990000CL |||||||||||||||||spa|d
082 0 4 |a 620.86  |b INS  |2 21 
110 2 |a Instituto Nacional de Normalización  |e author  |9 494757 
710 2 |a INN  |e author  |9 494758 
245 1 0 |a Norma Chilena Oficial NCh 11565-3 Of1999 
246 1 0 |a Construcción - Especificaciones técnicas - Ordenación y designación de partidas - Parte 3: obras de construcción 
250 |a 1a. ed 
300 |a 21 p 
942 |c BK 
945 |d 20050826 00:00:00  |a cmena 
260 |a Santiago  |b Instituto Nacional de Normalización  |c 1999 
650 0 |a Construcción  |9 260195 
650 0 |a Normalización  |9 262666 
583 |a last modification  |c 20050826 00:00:00  |k Rodrigo Vera 
999 |c 314262  |d 314260